书目信息 |
| 题名: |
怎样选留良种
|
|
| 作者: | 徐宝珍 编 | |
| 分册: | ||
| 出版信息: | 上海 上海教育出版社 1966 |
|
| 页数: | 27页 | |
| 开本: | 18cm | |
| 丛书名: | ||
| 单 册: | ||
| 中图分类: | S333 | |
| 科图分类: | ||
| 主题词: | 选种 | |
| 电子资源: | ||
| ISBN: | 7150.1699 | |
| 000 | 00604cam0 2200229 450 | |
| 001 | 0105505666 | |
| 005 | 20080123143808.0 | |
| 010 | @a7150.1699@dCNY0.09 | |
| 091 | @a7150.1699@dCNY0.09 | |
| 100 | @a19961012d1966 em y0chiy0110 ea | |
| 101 | 0 | @achi |
| 102 | @aCN@b310000 | |
| 105 | @ay z 000yy | |
| 106 | @ar | |
| 200 | 1 | @a怎样选留良种@9Zen Yang Xuan Liu Liang Zhong;Chong @f徐宝珍编@b专著 |
| 210 | @a上海@c上海教育出版社@d1966 | |
| 215 | @a27页@d18cm | |
| 606 | 0 | @a选种 |
| 690 | @aS333@v3 | |
| 701 | 0 | @a徐宝珍@9xu bao zhen@4编 |
| 801 | 0 | @aCN@bAiZhiMarc |
| 905 | @aBZT@dS333@e3@f2@sS333/3 | |
| 怎样选留良种/徐宝珍编.-上海:上海教育出版社,1966 |
| 27页;18cm |
| ISBN 7150.1699:CNY0.09 |
| ● |
| 相关链接 |
|
|
|
正题名:怎样选留良种
索取号:S333/3
 
预约/预借
| 序号 | 登录号 | 条形码 | 馆藏地/架位号 | 状态 | 备注 |
| 1 | 2000125316 | 2000125316 | 旧书回溯/ [索取号:S333/3] | 在馆 | |
| 2 | 2000133066 | 2000133066 | 旧书回溯/ [索取号:S333/3] | 在馆 |